Gaming Quiz

Random Gaming or Video Games Quiz

Call of Duty: Modern Warfare 2 Weapons Quiz Stats

 Plays Quiz Updated Feb 24, 2019

Score 0/98 Timer 15:00
0 Plays Today
% Correct
Riot Shield
83.3%
AK-47
82.1%
M4A1
77.4%
M16A4
76.7%
Intervention
74%
Flashbang
70.6%
MP5K
69%
SCAR-H
68.4%
Fragmentation Grenade
67.3%
Bushmaster ACR
66.3%
FAMAS
66.1%
UMP45
66%
Claymore
66%
Barrett .50 Cal
65.8%
Red Dot Sight
65.5%
RPG-7
65.5%
Semtex
64.9%
UAV
64.8%
SPAS12
64.2%
Smoke Grenade
63.7%
Desert Eagle
63.1%
Stun Grenade
62.2%
Care Package
60.1%
WA2000
59.3%
C4
58.9%
FAL
58.1%
Counter-UAV
58.1%
Chopper Gunner
57.4%
M9
57.3%
Grenade Launcher
57.1%
AA-12
56.6%
Glock 18
56.2%
USP.45
55.8%
% Correct
AC-130
55.7%
Silencer
55.6%
P90
55.4%
ACOG Scope
55%
Throwing Knife
54.6%
Mini-Uzi
54.2%
Marathon
53.5%
Tactical Nuke
53.1%
Harrier Strike
52.9%
TAR-21
52.3%
Attack Helicopter
51.7%
RPD
51.6%
EMP
50.7%
F2000
50.4%
Stinger
50.3%
Ninja
50.1%
Tactical Insertion
50%
Vector
49.9%
M21 EBR
49.5%
Predator Missile
49.6%
Scavenger
49.5%
Holographic Sight
49.4%
Model 1887
49.2%
Javelin
48.5%
Lightweight
48.2%
Ranger
48%
Pave Low
47.9%
Sleight of Hand
47.9%
Thumper
47.4%
PP2000
47.2%
Commando
47.1%
Precision Airstrike
46.7%
Stopping Power
46.5%
% Correct
Full Metal Jacket
46%
AUG H-BAR
45.9%
Striker
45.9%
Sentry Gun
45.8%
Cold-Blooded
45.3%
Thermal Scope
45%
M93 Raffica
44.7%
Emergency Airdrop
43.6%
Shotgun
42.7%
.44 Magnum
41.8%
Extended Mags
41.2%
One Man Army
40.5%
Stealth Bomber
39.6%
Foregrip
38.7%
Hardline
38.6%
Blast Shield
38.6%
Steady Aim
38.6%
AT4-HS
38.4%
M1014
37.3%
TMP
37.2%
SitRep
37%
Akimbo
36.7%
Bling
35.9%
Heartbeat Sensor
35.2%
Rapid Fire
34.5%
Danger Close
33.7%
M240
31.7%
L86 LSW
30.5%
Scrambler
29.6%
MG4
29.5%
Last Stand
29.2%
Tactical Knife
25.1%

You're not logged in!

Compare scores with friends on all Sporcle quizzes.
OR
Log In

Sporcle TV

Today on Sporcle TV


Watch our educational content, quiz creation guides, and fun videos on Sporcle TV.

Show Comments

Extras

Top Quizzes Today


Score Distribution

Your Account Isn't Verified!

In order to create a playlist on Sporcle, you need to verify the email address you used during registration. Go to your Sporcle Settings to finish the process.

Report this User

Report this user for behavior that violates our Community Guidelines.

Details: